<?xml version="1.0" encoding="UTF-8"?><?xml-stylesheet type="text/xsl" href="static/style.xsl"?><OAI-PMH xmlns="http://www.openarchives.org/OAI/2.0/" xmlns:xsi="http://www.w3.org/2001/XMLSchema-instance" xsi:schemaLocation="http://www.openarchives.org/OAI/2.0/ http://www.openarchives.org/OAI/2.0/OAI-PMH.xsd"><responseDate>2026-06-01T04:39:08Z</responseDate><request verb="GetRecord" identifier="oai:riuma.uma.es:10630/27134" metadataPrefix="marc">https://riuma.uma.es/rest/oai/request</request><GetRecord><record><header><identifier>oai:riuma.uma.es:10630/27134</identifier><datestamp>2026-05-07T09:51:28Z</datestamp><setSpec>com_10630_2254</setSpec><setSpec>col_10630_37953</setSpec></header><metadata><record xmlns="http://www.loc.gov/MARC21/slim" xmlns:dcterms="http://purl.org/dc/terms/" xmlns:doc="http://www.lyncode.com/xoai" xmlns:xsi="http://www.w3.org/2001/XMLSchema-instance" xsi:schemaLocation="http://www.loc.gov/MARC21/slim http://www.loc.gov/standards/marcxml/schema/MARC21slim.xsd">
   <leader>00925njm 22002777a 4500</leader>
   <datafield ind2=" " ind1=" " tag="042">
      <subfield code="a">dc</subfield>
   </datafield>
   <datafield ind2=" " ind1=" " tag="720">
      <subfield code="a">Corral-Granados, Anabel</subfield>
      <subfield code="e">author</subfield>
   </datafield>
   <datafield ind2=" " ind1=" " tag="720">
      <subfield code="a">Martínez-Martínez, Ana María</subfield>
      <subfield code="e">author</subfield>
   </datafield>
   <datafield ind2=" " ind1=" " tag="720">
      <subfield code="a">Sánchez-Muñoz, Carlos</subfield>
      <subfield code="e">author</subfield>
   </datafield>
   <datafield ind2=" " ind1=" " tag="720">
      <subfield code="a">Navarro-Gómez, Noelia</subfield>
      <subfield code="e">author</subfield>
   </datafield>
   <datafield ind2=" " ind1=" " tag="260">
      <subfield code="c">2023-05-19</subfield>
   </datafield>
   <datafield ind2=" " ind1=" " tag="520">
      <subfield code="a">Less than 20% of the early childhood education and care (ECEC) staff members working in British early childhood centres agree that the inclusion of all children is an essential part of their working agenda, as they feel unqualified to take care of children with complex SEN or disabilities. This study makes a novel contribution by drawing on data compiled from a one-year ethnographic study which addressed the in-service learning experiences of seven teaching staff members that work inclusively. The participants included 2 classroom teachers, 1 SENCo (Special Educational Needs Coordinator), and 4 teaching assistants from a preschool class that teaches 92 children between the ages of 3 and 4, located in a primary school in England. We explore what professional learning means for the participants’ role, which professional learning opportunities are meaningful to them, and under which circumstances had been offered. This study not only does consider their opportunities for professional development on the job but also outside of work. The data were collected through semi-structured interviews, artifact analysis, and ongoing participant observation over one academic year. Data were analysed using interpretative phenomenological analysis (IPA). The results demonstrate that this case study offers a unique perspective of a microsystem that could be at risk due to a lack of awareness by leaders and administration. The study is divided into four themes that directly impact inclusive professional service-development practices: (1) challenges posed to continuous professional development by differing professional roles, (2) motives for in-service training: combining career, school, and authorities’ interests, (3) promotion of meaningful professional development experiences by school, and (4) self-determined classroom motivated by respect and recognition.</subfield>
   </datafield>
   <datafield ind1="8" ind2=" " tag="024">
      <subfield code="a">Corral-Granados A, Martínez-Martínez AM, Sánchez-Muñoz C, Navarro-Gómez N. Early Years Staff Experiences in a “Culture of Learning” Regarding Inclusion in a Nursery Class in a British School: An Interpretative Phenomenological Analysis. Education Sciences. 2023; 13(5):515. https://doi.org/10.3390/educsci13050515</subfield>
   </datafield>
   <datafield ind1="8" ind2=" " tag="024">
      <subfield code="a">https://hdl.handle.net/10630/27134</subfield>
   </datafield>
   <datafield ind1="8" ind2=" " tag="024">
      <subfield code="a">10.3390/educsci13050515</subfield>
   </datafield>
   <datafield tag="653" ind2=" " ind1=" ">
      <subfield code="a">Educación inclusiva</subfield>
   </datafield>
   <datafield tag="653" ind2=" " ind1=" ">
      <subfield code="a">Profesores de enseñanza preescolar - Formación profesional</subfield>
   </datafield>
   <datafield ind2="0" ind1="0" tag="245">
      <subfield code="a">Early Years Staff Experiences in a “Culture of Learning” Regarding Inclusion in a Nursery Class in a British School: An Interpretative Phenomenological Analysis.</subfield>
   </datafield>
</record>
</metadata></record></GetRecord></OAI-PMH>